Estatísticas para Emirados árabes unidos

Clique aqui para jogar o quiz

Estatísticas Gerais

  • Esse quiz foi jogado 2 vezes
  • A pontuação média é 4 de 15

Estatísticas das Respostas

Resposta% Correto
Burj Khalifa
100%
Abu Dhabi
50%
Dubai
50%
Ferrari World
50%
Fonte de Dubai
50%
Ski Dubai
50%
Al Montazah Parks
0%
Burj Al Arab
0%
Dubai Aquarium & Underwater Zoo
0%
Dubai Mall
0%
Dubai Miracle Garden
0%
Jebel Jais
0%
Mesquita do Sheikh Zayed
0%
Ras al-Khaimah
0%
Sharjah
0%

Distribuição das Pontuações

Percentil de Números Respondidos

Porcentagem de Pessoas com Cada Pontuação

Sua Pontuação Histórica

Você não jogou esse quiz